Những yếu tố logic trong môn toán ở trường phổ thông cấp 2

Salvato in:
Dettagli Bibliografici
Natura: Libro
Lingua:Undetermined
Pubblicazione: Hà Nội Giáo dục 1978
Soggetti:
Tags: Aggiungi Tag
Nessun Tag, puoi essere il primo ad aggiungerne! !
Thư viện lưu trữ: Trung tâm Học liệu Trường Đại học Cần Thơ
LEADER 00532nam a2200157Ia 4500
001 CTU_6164
008 210402s9999 xx 000 0 und d
082 |a 372.7 
082 |b Nh556 
245 0 |a Những yếu tố logic trong môn toán ở trường phổ thông cấp 2 
260 |a Hà Nội 
260 |b Giáo dục 
260 |c 1978 
650 |a mathematics - study and teaching ( elementary ) 
904 |i Nguyễn Quang Điền, 960601 
980 |a Trung tâm Học liệu Trường Đại học Cần Thơ